<?xml version="1.0" encoding="UTF-8"?>
<marc:record xmlns:marc="http://www.loc.gov/MARC21/slim">
   <marc:leader>00000nam a2200000 a 4500</marc:leader>
   <marc:datafield ind1="1" ind2=" " tag="100">
      <marc:subfield code="a">Winslow, Don</marc:subfield>
      <marc:subfield code="4">aut</marc:subfield>
      <marc:subfield code="e">Verfasser/-in</marc:subfield>
   </marc:datafield>
   <marc:datafield ind1="0" ind2="0" tag="245">
      <marc:subfield code="a">Corruption</marc:subfield>
   </marc:datafield>
   <marc:datafield ind1="0" ind2="0" tag="245">
      <marc:subfield code="b">Thriller</marc:subfield>
   </marc:datafield>
   <marc:datafield ind1="0" ind2="0" tag="245">
      <marc:subfield code="c">Don Winslow ; aus dem Englischen von Chris Hirte</marc:subfield>
   </marc:datafield>
   <marc:datafield ind1=" " ind2="1" tag="264">
      <marc:subfield code="a">München</marc:subfield>
      <marc:subfield code="b">Droemer</marc:subfield>
      <marc:subfield code="c">2017</marc:subfield>
   </marc:datafield>
   <marc:datafield ind1=" " ind2=" " tag="250">
      <marc:subfield code="a">Deutsche Erstausgabe</marc:subfield>
   </marc:datafield>
   <marc:datafield ind1="1" ind2=" " tag="520">
      <marc:subfield code="a">VERLAGSTEXT: In den Straßenschluchten von New York lässt der internationale Star-Autor Don Winslow ein alptraumhaft realistisches Szenario von Drogen, Menschenhandel, Mord entstehen. Er zeichnet die todbringende Allianz von staatlichen Stellen und organisiertem Verbrechen: Sie sehen sich als Elitetruppe der Polizei, eine verschworene Einheit, ausgestattet mit weitreichenden technischen und rechtlichen Mo¿glichkeiten. Gemeinsam sollen sie für Ruhe und Ordnung in ihrem Revier sorgen, dem nördlichen Manhattan. Und genau das tun sie. Hier gelten ihre Spielregeln, hier geschieht nichts ohne ihr Wissen. Doch die Truppe ist extremem Stress ebenso ausgesetzt wie extremen Risiken ... und extremen Verlockungen ...</marc:subfield>
   </marc:datafield>
   <marc:datafield ind1=" " ind2=" " tag="020">
      <marc:subfield code="a">9783426281680</marc:subfield>
      <marc:subfield code="9">9783426281680</marc:subfield>
   </marc:datafield>
   <marc:datafield ind1=" " ind2=" " tag="041">
      <marc:subfield code="a">ger</marc:subfield>
   </marc:datafield>
   <marc:datafield ind1="1" ind2=" " tag="521">
      <marc:subfield code="a">0</marc:subfield>
   </marc:datafield>
   <marc:datafield ind1=" " ind2=" " tag="300">
      <marc:subfield code="a">541 Seiten</marc:subfield>
   </marc:datafield>
</marc:record>
